| 000 | 00646nam a2200205 i 4500 | ||
|---|---|---|---|
| 001 | 10796 | ||
| 003 | ES-MaACL | ||
| 005 | 20230906145948.0 | ||
| 008 | 000000s1979 sp a |||| | spa d | ||
| 020 | _a84-300-0567-6 | ||
| 080 | _a061.236.3(467.31 V.)Ateneo Mercantil"18/19" | ||
| 100 | 1 |
_aMartí Soro, José. _977240 |
|
| 245 | 1 | 0 |
_aCrónica del Ateneo Mercantil (1879-1978) / _cJosé Martí Soro. |
| 260 |
_aValencia : _bEl Ateneo, _c[1979] |
||
| 300 |
_a517 p. : _bil. ; _c22 cm. |
||
| 504 | _aBibliografía. | ||
| 610 | 2 | 4 |
_aAteneo Mercantil (Valencia) _92050 |
| 710 | 2 |
_aAteneo Mercantil (Valencia) _92050 |
|
| 852 |
_aES-MaACL _jL-18154 |
||
| 999 |
_c10796 _d10796 |
||